Aprendizaje de la matemática en E.G.B

Kaydedildi:
Detaylı Bibliyografya
Yazar: Alvarez, Rodolfo (Yazar)
Materyal Türü: Kitap
Dil:İspanyolca
Baskı/Yayın Bilgisi: Madrid Didascalia 1983
Seri Bilgileri:Paso a Paso
Konular:
Etiketler: Etiketle
Etiket eklenmemiş, İlk siz ekleyin!

MARC

LEADER 00000nam a2200000 a 4500
001 UCW5364
003 CL-VaPUC
008 910410e19830000SP |||||||||||||||||spa|d
082 0 4 |a 372.7  |b ALV  |2 21 
100 0 |a Alvarez, Rodolfo  |e author  |9 310313 
245 1 0 |a Aprendizaje de la matemática en E.G.B 
300 |a 205 p 
942 |c BK 
945 |d 19910410 00:00:00 
260 |a Madrid  |b Didascalia  |c 1983 
650 0 |a Matemática  |9 260235 
650 0 |a Libros de texto  |9 270019 
650 0 |a Enseñanza  |9 256457 
583 |a last modification  |c 19910410 00:00:00  |k Rodrigo Vera 
490 0 |a Paso a Paso 
999 |c 218822  |d 218820 
952 |0 0  |1 0  |4 0  |6 372_700000000000000_ALV_1983  |7 0  |8 P  |9 209005  |a BIBEDU  |b BIBEDU  |c BIBEDU_PB  |d 2019-11-15  |i 2767945  |o 372.7 ALV 1983  |p 2767945  |r 2024-01-25  |w 2019-11-15  |y BK  |k EDU